|
|
|
|
| LEADER |
00000cam a2200000 7i4500 |
| 001 |
0000002641 |
| 005 |
20160720.0 |
| 008 |
070713 |
| 020 |
|
|
|a 9789673074549
|
| 020 |
|
|
|a 983151386X
|
| 090 |
0 |
0 |
|a JF
|b AD MAL (3540)
|
| 100 |
0 |
|
|a Badrul Hisham, Nurul Jannah
|
| 245 |
1 |
0 |
|a Misteri burung bawa bencana
|c Badrul Hisham, Nurul Jannah
|
| 260 |
|
|
|a Kuala Lumpur :
|b Penerbitan Fargoes ,
|c 2001, 2010
|
| 440 |
|
|
|a Siri 3 penyiasat
|
| 500 |
|
|
|a Children ages 7-9 years old (orange)
|
| 650 |
|
0 |
|a Adventure
|
| 650 |
|
0 |
|a Junior fiction
|x Malay
|x Languages
|
| 710 |
0 |
|
|a Title
|
| 999 |
|
|
|a 0000867432
|b Book
|c Children Collection
|e Cawangan Segamat
|
| 999 |
|
|
|a 0000867433
|b Book
|c Children Collection
|e Cawangan Segamat
|
| 999 |
|
|
|a 0000881502
|b Book
|c Children Collection
|e Cawangan Bandar Penawar
|
| 999 |
|
|
|a 0000881504
|b Book
|c Children Collection
|e Cawangan Pontian
|
| 999 |
|
|
|a 0000881505
|b Book
|c Children Collection
|e Cawangan Segamat
|
| 999 |
|
|
|a 0000968999
|b Book
|c Children Collection
|e Cawangan Bandar Tenggara
|
| 999 |
|
|
|a 0000969000
|b Book
|c Children Collection
|e Perbadanan Perpustakaan Awam Johor
|
| 999 |
|
|
|a 0000969001
|b Book
|c Children Collection
|e Cawangan Mersing
|
| 999 |
|
|
|a 0000969002
|b Book
|c Children Collection
|e Cawangan Batu Pahat
|
| 999 |
|
|
|a 0001091846
|b Book
|c Children Collection
|e Cawangan Segamat
|
| 999 |
|
|
|a 0001091867
|b Book
|c Children Collection
|e Cawangan Segamat
|
| 999 |
|
|
|a 0001091883
|b Book
|c Children Collection
|e Cawangan Bukit Gambir
|
| 999 |
|
|
|a 0001091915
|b Book
|c Children Collection
|e Cawangan Mersing
|
| 999 |
|
|
|a 0001091931
|b Book
|c Children Collection
|e Cawangan Pontian
|
| 999 |
|
|
|a 0001091974
|b Book
|c Children Collection
|e Cawangan Bandar Penawar
|
| 999 |
|
|
|a 0001092059
|b Book
|c Children Collection
|e Cawangan Kota Tinggi
|
| 999 |
|
|
|a 0001092070
|b Book
|c Children Collection
|e Cawangan Taman Universiti
|
| 999 |
|
|
|a 0001092091
|b Book
|c Children Collection
|e Cawangan Taman Universiti
|
| 999 |
|
|
|a 0001092156
|b Book
|c Children Collection
|e Cawangan Pontian
|
| 999 |
|
|
|a 0001092171
|b Book
|c Children Collection
|e Cawangan Kota Tinggi
|
| 999 |
|
|
|a 0001092198
|b Book
|c Children Collection
|e Cawangan Bukit Gambir
|
| 999 |
|
|
|a 0001092251
|b Book
|c Children Collection
|e Cawangan Tmn. Ungku Tun Aminah
|
| 999 |
|
|
|a 0001094289
|b Book
|c Children Collection
|e Cawangan Taman Universiti
|
| 999 |
|
|
|a 0001094305
|b Book
|c Children Collection
|e Cawangan Mersing
|
| 999 |
|
|
|a 0001094332
|b Book
|c Children Collection
|e Cawangan Bukit Gambir
|
| 999 |
|
|
|a 0001094364
|b Book
|c Children Collection
|e Cawangan Taman Universiti
|
| 999 |
|
|
|a 0001094380
|b Book
|c Children Collection
|e Cawangan Kota Tinggi
|
| 999 |
|
|
|a 0001094396
|b Book
|c Children Collection
|e Cawangan Bandar Penawar
|
| 999 |
|
|
|a 0001094413
|b Book
|c Children Collection
|e Cawangan Segamat
|
| 999 |
|
|
|a 0001094445
|b Book
|c Children Collection
|e Cawangan Taman Sri Lambak
|
| 999 |
|
|
|a 0001094493
|b Book
|c Children Collection
|e Cawangan Bukit Gambir
|
| 999 |
|
|
|a 0001094509
|b Book
|c Children Collection
|e Cawangan Bandar Tenggara
|
| 999 |
|
|
|a 0001094525
|b Book
|c Children Collection
|e Cawangan Mersing
|
| 999 |
|
|
|a 0001094557
|b Book
|c Children Collection
|e Cawangan Pontian
|
| 999 |
|
|
|a 0001094573
|b Book
|c Children Collection
|e Cawangan Segamat
|
| 999 |
|
|
|a 0001094620
|b Book
|c Children Collection
|e Cawangan Tmn. Ungku Tun Aminah
|
| 999 |
|
|
|a 0001094668
|b Book
|c Children Collection
|e Cawangan Tmn. Ungku Tun Aminah
|
| 999 |
|
|
|a 0001094684
|b Book
|c Children Collection
|e Cawangan Segamat
|